दिशांतर / (Record no. 66509)

MARC details
000 -LEADER
fixed length control field 01226nam a22002657a 4500
005 - DATE AND TIME OF LATEST TRANSACTION
control field 20120112143825.0
008 - FIXED-LENGTH DATA ELEMENTS--GENERAL INFORMATION
fixed length control field 120112t xxu||||| |||| 00| 0 mar d
010 ## - LCCN (DPL NO)
LC control number MAR-22062
020 ## - INTERNATIONAL STANDARD BOOK NUMBER
Terms of availability 100.00
International Standard Book Number 9788174981455
035 ## - SYSTEM CONTROL NUMBER
System control number MR-14720
037 ## - SOURCE OF ACQUISITION
Source of stock number/acquisition DBAD/PUB
040 ## - CATALOGING SOURCE
Original cataloging agency DPL
Language of cataloging MR
082 ## - DEWEY DECIMAL CLASSIFICATION NUMBER
Classification number 891.462
100 ## - MAIN ENTRY--PERSONAL NAME
Personal name चौगुले,डी.एस.
9 (RLIN) 39079
245 ## - TITLE STATEMENT
Title दिशांतर /
Statement of responsibility, etc डी.एस.चौगुले ; संध्या देशपांडे द्वारा अनुवादित
246 ## - VARYING FORM OF TITLE
Title proper/short title Dishantar
Remainder of title by D.S.Chougle
260 ## - PUBLICATION, DISTRIBUTION, ETC. (IMPRINT)
Place of publication, distribution, etc नागपूर
Name of publisher, distributor, etc विजय प्रकाशन
Date of publication, distribution, etc 2011
270 ## - ADDRESS
Address हनुमान गल्ली,सीतीबर्डी,
City नागपूर
Postal code 440012
300 ## - PHYSICAL DESCRIPTION
Extent iii,70पृ
Dimensions 21सेमी(अजिल्द)
650 ## - SUBJECT ADDED ENTRY--TOPICAL TERM
Topical term or geographic name as entry element मराठी नाटक
9 (RLIN) 46927
650 ## - SUBJECT ADDED ENTRY--TOPICAL TERM
Topical term or geographic name as entry element Marathi Play
9 (RLIN) 46928
700 ## - ADDED ENTRY--PERSONAL NAME
Personal name देशपांडे,संध्या
9 (RLIN) 46934
942 ## - ADDED ENTRY ELEMENTS (KOHA)
Source of classification or shelving scheme Dewey Decimal Classification
Item type Marathi Books
Call number suffix चौगुले
Classification part 891.462
Holdings
Withdrawn status Lost status Source of classification or shelving scheme Damaged status Not for loan Collection code Home library Current library Date acquired Source of acquisition Cost, normal purchase price Total Checkouts Full call number Barcode Date last seen Copy number Cost, replacement price Koha item type
    Dewey Decimal Classification   Not For Loan Non-fiction D.B.Act.Division D.B.Act.Division 11/05/2012 DBAD / PUB 100.00   891.462 चौगुले MR-14720 11/05/2012 1 100.00 Marathi Books

© Delhi Public Library
Hit Counter
free hit counter